000 00919cam a22003011 4500
001 12367
003 BD-RjUL
005 20211208235300.0
008 140128s19641963maua 001 0 eng
035 _a(OCoLC)ocm00260585
035 _a(BD-RjUL)12416
035 _a(NNC)3995312
040 _aDLC
_cDLC
_dOCL
_dINT
_dOKD
_dVET
_dOCL
_dZCH
_dBD-RjUL
_beng
041 _aeng
082 _a612.82
_bASH 1963
100 1 _aAsimov, Isaac,
_d1920-1992.
_921148
245 1 4 _aThe human brain, its capacities and functions /
_cIllustrated by Anthony Ravielli.
260 _aBoston :
_bHoughton Mifflin,
_cc1963
300 _axvii, 357 p. :
_billus. ;
_c24 cm.
504 _aIncludes Index.
650 0 _aBrain.
_938414
650 0 _aEndocrinology.
_938415
650 2 _aBrain
_vPopular Works.
_938416
650 2 _aEndocrine Glands
_vPopular Works.
_938417
942 _2ddc
_cBK
999 _c12367
_d12367